Manchester United Players By Picture - Statistics

General Stats
  • This quiz has been taken 1,366 times
    697 since last reset
  • The average score is 16 of 20
Answer Stats
Picture Answer % Correct
Marcus Rashford
99%
Paul Pogba
99%
Wayne Rooney
99%
David de Gea
98%
Bobby Charlton
94%
Paul Scholes
93%
Nemanja Vidic
91%
Ryan Giggs
90%
George Best
88%
Chris Smalling
85%
Roy Keane
84%
Kobbie Mainoo
83%
Diogo Dalot
82%
Ole Gunnar Solskjaer
77%
Peter Schmeichel
77%
Antionio Valencia
62%
Rafael
51%
Tahith Chong
49%
Bryan Robson
32%
Mark Hughes
30%
No matching quizzes found
Score Distribution
Percent of People with Each Score
Percentile by Number Answered
Your Score History
You have not taken this quiz since the last reset